[Event "ICS rated blitz match"]
[Site "204.178.125.65"]
[Date "2000.09.30"]
[Round "?"]
[White "Hossa"]
[Black "Themanfromrio"]
[Result "1-0"]
[WhiteElo "2526"]
[BlackElo "1918"]
[PlyCount "49"]
[EventDate "2000.??.??"]

1. e4 c5 2. Nf3 e6 3. d4 cxd4 4. Nxd4 Nf6 5. Nc3 d6 6. Be2 Be7 7. O-O O-O 8. f4
Nc6 9. Be3 Bd7 10. Nb3 Qc7 11. Bf3 Rfd8 12. Nb5 Qb8 13. c4 Be8 14. Qe1 a6 15.
Nc3 Qc7 16. Qf2 Nd7 17. Rad1 Na5 18. Nxa5 Qxa5 19. f5 Rdc8 20. fxe6 fxe6 21.
Bg4 Nf8 22. Rd2 Rc6 23. Be2 Bf6 24. a3 Bxc3 25. Qxf8# {Themanfromrio checkmated
} 1-0

[Event "ICS rated blitz match"]
[Site "204.178.125.65"]
[Date "2000.09.30"]
[Round "?"]
[White "Themanfromrio"]
[Black "Hossa"]
[Result "0-1"]
[WhiteElo "1917"]
[BlackElo "2527"]
[PlyCount "38"]
[EventDate "2000.??.??"]

1. d4 d5 2. Nf3 Nf6 3. e3 e6 4. Nbd2 c5 5. a3 cxd4 6. exd4 Bd6 7. Bd3 Nh5 8. g3
Nc6 9. O-O Nf6 10. c4 O-O 11. b4 e5 12. cxd5 Nxd4 13. Nxd4 exd4 14. Nc4 Bh3 15.
Re1 Bb8 16. Bf1 Bxf1 17. Rxf1 Qxd5 18. Qd3 Rc8 19. Nd2 Rc3 {
Themanfromrio resigns} 0-1

[Event "ICS rated blitz match"]
[Site "204.178.125.65"]
[Date "2000.09.30"]
[Round "?"]
[White "Hossa"]
[Black "SuperChicken"]
[Result "0-1"]
[WhiteElo "2529"]
[BlackElo "2790"]
[PlyCount "138"]
[EventDate "2000.??.??"]

1. e4 e5 2. f4 exf4 3. Nf3 g5 4. h4 g4 5. Ne5 Nf6 6. d4 d6 7. Nd3 Nxe4 8. Bxf4
Qe7 9. Qe2 Bg7 10. Nc3 Nxc3 11. bxc3 Be6 12. Bg5 f6 13. Bd2 Nc6 14. Nf4 Bd7 15.
Nd5 Qxe2+ 16. Bxe2 O-O-O 17. O-O f5 18. Bd3 Rde8 19. Rab1 Ref8 20. a4 a6 21.
Bg5 h6 22. Be3 Rf7 23. Bc4 Re8 24. Bf4 Nd8 25. Bb3 Rff8 26. h5 Re4 27. Bg3 Rfe8
28. Bh4 Re2 29. Nf4 R2e3 30. Nd5 R3e4 31. Bf6 Bh8 32. Bxh8 Rxh8 33. Nf6 Re3 34.
Kf2 f4 35. Nd5 Re4 36. Nf6 Re7 37. Kg1 f3 38. gxf3 g3 39. Kg2 Rg7 40. Ne4 Re8
41. Rfc1 Bc6 42. d5 Bd7 43. Rg1 Re5 44. Nxg3 Rxh5 45. f4 Rh3 46. Kf2 h5 47. c4
Rh2+ 48. Kf3 Bg4+ 49. Ke3 Re7+ 50. Kd3 h4 51. Ne4 Bf5 52. Rbe1 c5 53. Kc3 Rxe4
54. Rxe4 Bxe4 55. Rf1 h3 56. Kb2 Rg2 57. Rh1 h2 58. a5 Rxc2+ 59. Bxc2 Bxh1 60.
Kc3 Bg2 61. Bf5+ Kc7 62. Kd2 h1=Q 63. Be6 Nxe6 64. dxe6 Be4 65. Ke2 Qf3+ 66.
Kd2 Qf2+ 67. Kd1 Qc2+ 68. Ke1 Bd3 69. e7 Qe2# {Hossa checkmated} 0-1

[Event "ICS rated blitz match"]
[Site "204.178.125.65"]
[Date "2000.09.30"]
[Round "?"]
[White "Varguz"]
[Black "Hossa"]
[Result "1-0"]
[WhiteElo "2762"]
[BlackElo "2523"]
[PlyCount "125"]
[EventDate "2000.??.??"]

1. d4 Nf6 2. Nf3 c5 3. d5 Qa5+ 4. Bd2 Qb6 5. Nc3 e6 6. e4 exd5 7. exd5 Be7 8.
Bc4 O-O 9. O-O d6 10. Re1 Re8 11. Bb3 Bf5 12. Na4 Qc7 13. c4 Nbd7 14. Nh4 Be4
15. Nc3 Bf8 16. Bf4 h6 17. Nxe4 Rxe4 18. Rxe4 Nxe4 19. Nf5 Re8 20. Qg4 Ndf6 21.
Nxh6+ Kh8 22. Qh4 gxh6 23. f3 Qe7 24. Bxh6 Nh7 25. Qxe7 Bxe7 26. Ba4 Rg8 27.
fxe4 Bf6 28. Rf1 Bd4+ 29. Kh1 Nf6 30. h3 Bxb2 31. Rb1 b5 32. Rxb2 bxa4 33. e5
dxe5 34. Rb7 Rg6 35. Be3 Kg7 36. Bxc5 Ne4 37. Ba3 Ng3+ 38. Kg1 Ne2+ 39. Kh2 Nf4
40. g3 Ne2 41. d6 Rf6 42. Bc5 Nd4 43. Bxd4 exd4 44. d7 Rd6 45. c5 Rd5 46. c6 d3
47. c7 d2 48. Rb1 Rxd7 49. c8=Q Rd5 50. Qg4+ Kf6 51. Rf1+ Ke7 52. Qe4+ Kd6 53.
Rf6+ Kc5 54. Qc2+ Kd4 55. Rf4+ Ke5 56. Qc7+ Rd6 57. Qc5+ Ke6 58. Re4+ Kd7 59.
Qb5+ Kd8 60. Qb8+ Kd7 61. Qb7+ Kd8 62. Re7 Rd7 63. Qxd7# {Hossa checkmated} 1-0

[Event "ICS rated blitz match"]
[Site "204.178.125.65"]
[Date "2000.09.30"]
[Round "?"]
[White "Hossa"]
[Black "Varguz"]
[Result "0-1"]
[WhiteElo "2517"]
[BlackElo "2768"]
[PlyCount "136"]
[EventDate "2000.??.??"]

1. d4 Nf6 2. Nf3 c5 3. d5 g6 4. Nc3 Bg7 5. e4 O-O 6. Bd3 d6 7. O-O Bg4 8. h3
Bxf3 9. Qxf3 Nbd7 10. Be2 Ne5 11. Qg3 Qb6 12. f4 Ned7 13. e5 dxe5 14. fxe5 Ne8
15. Qg5 Bxe5 16. Qxe7 Bxc3 17. Qxd7 Bxb2 18. Bxb2 Qxb2 19. Rab1 Qxc2 20. Qxb7
Rd8 21. Bf3 Qa4 22. Qe7 Nd6 23. Rbd1 c4 24. Rd2 c3 25. Rdf2 Nf5 26. Qf6 c2 27.
Rc1 Nd4 28. Rd2 Qa3 29. Rcxc2 Nxc2 30. Rxc2 Rc8 31. Rf2 Rc1+ 32. Kh2 Qc5 33.
Be4 Re1 34. Rf4 Qg1+ 35. Kg3 Re2 36. Bf3 Rxa2 37. d6 Rd2 38. Bc6 Qc5 39. d7 Rd6
40. d8=Q Rdxd8 41. Bf3 a5 42. Ra4 Rd2 43. h4 Rfd8 44. Rf4 Qc7 45. Kh3 R8d6 46.
Qe5 Qd8 47. h5 R6d3 48. Kh2 a4 49. Bc6 Rd6 50. h6 f6 51. Qc5 Qf8 52. Qc4+ Kh8
53. Bxa4 Qxh6+ 54. Kg1 Qg5 55. Qc8+ Rd8 56. Qg4 Qc5+ 57. Kh2 Qe5 58. Kg1 Qe1+
59. Kh2 R8d5 60. Qc8+ Kg7 61. Qc7+ Kh6 62. Rf3 Rxg2+ 63. Kxg2 Rd2+ 64. Kh3 Qh1+
65. Kg4 Qh5+ 66. Kg3 Qg5+ 67. Kh3 Qg2+ 68. Kh4 g5# {Hossa checkmated} 0-1

[Event "ICS Rated standard match"]
[Site "204.178.125.65"]
[Date "2000.09.30"]
[Round "?"]
[White "Hossa"]
[Black "harimau"]
[Result "0-1"]
[WhiteElo "2428"]
[BlackElo "2651"]
[PlyCount "49"]
[EventDate "2000.??.??"]

1. e4 e5 2. Nf3 Nc6 3. Bc4 Bc5 4. c3 Nf6 5. d4 exd4 6. cxd4 Bb4+ 7. Bd2 Bxd2+
8. Nbxd2 d5 9. exd5 Nxd5 10. Qb3 Nce7 11. O-O O-O 12. Ne5 a5 13. Ne4 a4 14. Qf3
f6 15. Nd3 Kh8 16. Nec5 b6 17. Rfe1 bxc5 18. Rxe7 Qxe7 19. Bxd5 Rb8 20. Re1 Qd8
21. dxc5 Bg4 22. Qe4 Re8 23. Qxg4 Rxe1+ 24. Nxe1 Qxd5 25. Qxa4 {Hossa resigns}
0-1

[Event "ICS Rated blitz match"]
[Site "204.178.125.65"]
[Date "2000.09.30"]
[Round "?"]
[White "Athlon900"]
[Black "Hossa"]
[Result "1-0"]
[WhiteElo "2852"]
[BlackElo "2511"]
[PlyCount "141"]
[EventDate "2000.??.??"]

1. e4 e5 2. Nf3 Nc6 3. d4 exd4 4. Nxd4 Nf6 5. Nxc6 bxc6 6. Bd3 d5 7. exd5 cxd5
8. O-O Be7 9. c4 d4 10. Bf4 O-O 11. Be5 Kh8 12. Qf3 Rb8 13. Qf4 Bd6 14. Bxd6
Qxd6 15. Qxd6 cxd6 16. b3 Bg4 17. Re1 Rbe8 18. Na3 a6 19. f3 Bd7 20. Nc2 Re5
21. Nxd4 Rd8 22. f4 Rxe1+ 23. Rxe1 g6 24. Kf2 Rb8 25. h3 Kg7 26. g4 h6 27. a3
g5 28. Kf3 gxf4 29. Kxf4 Kf8 30. Re3 Bc8 31. Bf5 Bb7 32. Bc2 Bc8 33. Bf5 Bb7
34. Bb1 Bc8 35. Be4 Nxe4 36. Kxe4 Be6 37. Kf4 Bd7 38. Rd3 Ke7 39. Nf5+ Bxf5 40.
Kxf5 Rc8 41. Re3+ Kf8 42. Ke4 Rc5 43. h4 f6 44. Kd4 Kf7 45. b4 Rc8 46. Kd5 Rg8
47. Re4 h5 48. gxh5 Rg3 49. Kxd6 Rd3+ 50. Kc6 Rxa3 51. c5 f5 52. Rc4 Re3 53.
Kd6 Re6+ 54. Kd5 Kf6 55. c6 Re5+ 56. Kd6 Re6+ 57. Kc7 Re7+ 58. Kb6 Re6 59. Kb7
Re7+ 60. c7 Ke5 61. Kb8 Re6 62. c8=Q Rb6+ 63. Ka8 Rd6 64. Qe8+ Re6 65. Rc5+ Kd4
66. Qd7+ Ke3 67. Rc3+ Ke4 68. Qxe6+ Kd4 69. Re3 a5 70. Qb6+ Kc4 71. Qc5# {
Hossa checkmated} 1-0

[Event "ICS Rated standard match"]
[Site "204.178.125.65"]
[Date "2000.09.30"]
[Round "?"]
[White "Hossa"]
[Black "Varguz"]
[Result "0-1"]
[WhiteElo "2421"]
[BlackElo "2630"]
[PlyCount "142"]
[EventDate "2000.??.??"]

1. d4 Nf6 2. c4 g6 3. Nc3 Bg7 4. e4 d6 5. f3 O-O 6. Be3 e5 7. Nge2 c6 8. Qb3
exd4 9. Nxd4 d5 10. cxd5 cxd5 11. exd5 Re8 12. Kf2 Nc6 13. dxc6 Rxe3 14. Kxe3
Ng4+ 15. Ke2 Qxd4 16. Ne4 bxc6 17. Rd1 Qe5 18. Qa4 Qxb2+ 19. Rd2 Qb6 20. Qb3
Bf5 21. Qxb6 axb6 22. Nd6 Nh6 23. Nxf5 Nxf5 24. g4 Nd4+ 25. Kf2 Ra3 26. Be2 Be5
27. Rb1 b5 28. Kg2 g5 29. Rbd1 c5 30. Bd3 h6 31. Rf2 c4 32. Be4 Ra7 33. Rfd2 c3
34. Rf2 Rc7 35. Bc2 Kf8 36. Kf1 b4 37. Kg2 Ke7 38. Kg1 f5 39. Bxf5 Nxf5 40. Re2
Kf6 41. gxf5 h5 42. Kg2 Rc5 43. Rc2 Kxf5 44. Rd7 Rc4 45. Rf7+ Ke6 46. Rb7 Kd5
47. Rd7+ Kc5 48. Rh7 Rd4 49. Kf1 Kc4 50. Re7 Kd3 51. Rc1 Bf4 52. Rd1+ Kc4 53.
Rde1 c2 54. Re8 Kc3 55. Rc8+ Rc4 56. Rxc4+ Kxc4 57. Ke2 c1=R 58. Rxc1+ Bxc1 59.
Kd1 Bf4 60. h3 Kc3 61. Ke2 h4 62. Kf2 Kb2 63. Ke2 Kxa2 64. Kd3 b3 65. Ke4 b2
66. Kd5 b1=Q 67. Ke6 Qg6+ 68. Ke7 Qf5 69. Ke8 Qh7 70. Kf8 Bd6+ 71. Ke8 Qe7# {
Hossa checkmated} 0-1

[Event "ICS rated blitz match"]
[Site "204.178.125.65"]
[Date "2000.09.30"]
[Round "?"]
[White "Hossa"]
[Black "TAICHIMASTER2"]
[Result "1-0"]
[WhiteElo "2507"]
[BlackElo "2179"]
[PlyCount "51"]
[EventDate "2000.??.??"]

1. d4 Nf6 2. Nf3 g6 3. Bf4 Bg7 4. e3 O-O 5. h3 d6 6. Nc3 b6 7. Bd3 Bb7 8. e4 c5
9. d5 a6 10. O-O b5 11. a3 Nbd7 12. Qd2 Re8 13. Bh6 Bh8 14. Rfe1 c4 15. Be2 Nc5
16. Ng5 Rc8 17. h4 Qb6 18. Qe3 a5 19. Red1 b4 20. axb4 axb4 21. Na4 Nxa4 22.
Rxa4 Qxe3 23. fxe3 Nd7 24. Rxb4 Ba8 25. Rf1 f6 26. Bg4 {TAICHIMASTER2 resigns}
1-0

[Event "ICS rated blitz match"]
[Site "204.178.125.65"]
[Date "2000.09.30"]
[Round "?"]
[White "Hossa"]
[Black "Varguz"]
[Result "0-1"]
[WhiteElo "2498"]
[BlackElo "2788"]
[PlyCount "75"]
[EventDate "2000.??.??"]

1. d4 Nf6 2. c4 g6 3. Nc3 Bg7 4. e4 d6 5. Nf3 O-O 6. Be2 e5 7. dxe5 dxe5 8.
Qxd8 Rxd8 9. Bg5 c6 10. Nxe5 Re8 11. f4 Na6 12. Bf3 h6 13. Bxf6 Bxf6 14. Rd1
Bxe5 15. fxe5 Nb8 16. Kf2 Nd7 17. e6 fxe6 18. Rhf1 Ne5 19. Be2 b6 20. Ke3 Ba6
21. Kf4 Nf7 22. a3 c5 23. b3 Re7 24. Ke3 Bb7 25. Rf6 Kg7 26. Rdf1 Nd6 27. R6f2
Rd8 28. g4 g5 29. Bd3 Nf7 30. Nb5 Ne5 31. Be2 Red7 32. Rf6 Bc8 33. h4 Rd2 34.
hxg5 hxg5 35. R6f2 Nxg4+ 36. Kf3 e5 37. Nxa7 Rf8+ 38. Kg3 {Hossa resigns} 0-1

[Event "ICS rated standard match"]
[Site "204.178.125.65"]
[Date "2000.10.01"]
[Round "?"]
[White "Amy"]
[Black "Hossa"]
[Result "1-0"]
[WhiteElo "2589"]
[BlackElo "2414"]
[PlyCount "155"]
[EventDate "2000.??.??"]

1. e4 d6 2. d4 Nd7 3. Nf3 c5 4. Bb5 Ngf6 5. O-O Nxe4 6. Re1 Nef6 7. dxc5 dxc5
8. Bg5 e6 9. Bxf6 gxf6 10. Nc3 a6 11. Bc4 Bg7 12. Qd2 O-O 13. Red1 b5 14. Be2
f5 15. Qd6 Qa5 16. Rd3 Ra7 17. Qf4 c4 18. Re3 Qc7 19. Qg5 b4 20. Nd1 Nf6 21.
Nd2 h6 22. Qh4 f4 23. Rf3 Rd8 24. Nxc4 e5 25. Rd3 Rf8 26. b3 Be6 27. Ndb2 e4
28. Rdd1 Nd5 29. Bg4 f5 30. Bh3 Nc3 31. Re1 Kh7 32. Qh5 Qe7 33. f3 Bd4+ 34. Kf1
e3 35. g3 Kg7 36. Nd3 e2+ 37. Kg2 fxg3 38. Nce5 Bxe5 39. Nxe5 Qf6 40. Nd3 gxh2
41. Kxh2 Bd7 42. Rg1+ Kh7 43. f4 Be8 44. Qf3 a5 45. a3 bxa3 46. Rxa3 Rg8 47.
Qe3 Rxg1 48. Qxa7+ Rg7 49. Qf2 a4 50. bxa4 Re7 51. Qe1 Nxa4 52. Ne5 Rxe5 53.
fxe5 Qxe5+ 54. Kh1 Bc6+ 55. Bg2 Qf4 56. Kg1 Qg4 57. Rg3 Qd4+ 58. Kh2 Bb5 59.
Ba8 h5 60. Bg2 Qd1 61. Qf2 Bd7 62. Re3 Qd6+ 63. Kg1 Nc3 64. Qh4 Kh6 65. Bf3
Qd1+ 66. Kg2 Qf1+ 67. Kh2 Ne4 68. Qxh5+ Kg7 69. Rxe2 Bb5 70. Rg2+ Kf6 71. Bxe4
fxe4 72. Rg6+ Ke7 73. Qe5+ Kd8 74. Qd6+ Kc8 75. Rg8+ Qf8 76. Rxf8+ Be8 77. Qe7
e3 78. Rxe8# {Hossa checkmated} 1-0

[Event "ICS rated standard match"]
[Site "204.178.125.65"]
[Date "2000.10.01"]
[Round "?"]
[White "Hossa"]
[Black "Guitige"]
[Result "0-1"]
[WhiteElo "2405"]
[BlackElo "2271"]
[PlyCount "270"]
[EventDate "2000.??.??"]

1. e4 g6 2. d4 Bg7 3. Nc3 c6 4. Nf3 d5 5. h3 Nf6 6. exd5 cxd5 7. Bb5+ Bd7 8.
Bxd7+ Nbxd7 9. O-O O-O 10. Re1 Re8 11. a4 a6 12. Bd2 e6 13. Qc1 Rc8 14. Bh6 Qc7
15. Bxg7 Kxg7 16. Rd1 Nb6 17. Ne5 Nbd7 18. Nxd7 Nxd7 19. Rd3 b6 20. Qg5 Qd8 21.
Qg4 Nf6 22. Qe2 Nd7 23. Rdd1 Ra8 24. Qg4 Nf6 25. Qg5 Nd7 26. Qf4 Qb8 27. Qe3
Qd6 28. Rd3 Rec8 29. Qg5 Nf8 30. a5 b5 31. Rf3 Qd8 32. Qxd8 Rxd8 33. Na2 Rdc8
34. c3 Nd7 35. Nb4 Nb8 36. Nd3 Nd7 37. Re1 Rc6 38. Kh2 Rcc8 39. g4 Rab8 40. g5
Ra8 41. Rf4 Rc7 42. Kg3 Rf8 43. Kf3 Ra8 44. Kg4 Rf8 45. Rg1 Ra8 46. Kg3 Rf8 47.
Kg2 Ra8 48. Ra1 Kg8 49. Kg3 Kg7 50. Rh1 Rh8 51. Rf3 Ra8 52. Re1 Kg8 53. Nb4 Nb8
54. Kf4 Nc6 55. Nxc6 Rxc6 56. Ke5 Kg7 57. Ree3 Rb8 58. Rf6 Rb7 59. Ref3 Rd7 60.
R6f4 Rcc7 61. Re3 Rb7 62. b3 Rbc7 63. Rff3 Rc6 64. h4 Rdc7 65. Rg3 Rc8 66. f4
R8c7 67. Rh3 Rc8 68. Rd3 Rh8 69. h5 Rhc8 70. h6+ Kf8 71. Rde3 R8c7 72. Rhg3 Rd7
73. Rd3 Ke7 74. Rdf3 Rcd6 75. Rf2 Rd8 76. Re2 Rc6 77. Rh3 Rdc8 78. Ree3 Rd8 79.
Rhg3 Rdc8 80. Rd3 R8c7 81. Rgf3 Rc8 82. b4 R8c7 83. Rh3 Rd7 84. Rdg3 Rc4 85.
Re3 Rc6 86. Rh2 Rcd6 87. Rd2 Rd8 88. Rh3 R8d7 89. Rg3 Rd8 90. Rc2 R8d7 91. Rc1
Rc7 92. Rd1 Rdc6 93. Rdd3 Rc8 94. Rde3 Rd8 95. Re2 Rdc8 96. Ree3 Rf8 97. Rg2
Rd6 98. Rg1 Rd7 99. f5 gxf5 100. Reg3 Rg8 101. Kf4 Rg6 102. Re1 Kd6 103. Rge3
Rd8 104. Rh3 Rdg8 105. Rg1 f6 106. Rhg3 fxg5+ 107. Rxg5 Rxg5 108. Rxg5 Rxg5
109. Kxg5 Ke7 110. Kh4 Kf6 111. Kg3 Kg5 112. Kf3 Kxh6 113. Kf4 Kg6 114. Kf3 Kf6
115. Kf4 h5 116. Kf3 Kg5 117. Kg3 f4+ 118. Kh3 Kf5 119. Kh4 Ke4 120. Kxh5 f3
121. Kg6 f2 122. Kf6 f1=Q+ 123. Kxe6 Qc4 124. Kd7 Qxc3 125. Kd6 Qxb4+ 126. Kd7
Qxd4 127. Kd6 Qe5+ 128. Kd7 Qf6 129. Kc7 Qe6 130. Kb7 Qd6 131. Kc8 Qe7 132. Kb8
Ke5 133. Ka8 Kd6 134. Kb8 Kc6 135. Ka8 Qb7# {Hossa checkmated} 0-1

[Event "ICS rated standard match"]
[Site "204.178.125.65"]
[Date "2000.10.01"]
[Round "?"]
[White "kidza"]
[Black "Hossa"]
[Result "0-1"]
[WhiteElo "1933"]
[BlackElo "2383"]
[PlyCount "43"]
[EventDate "2000.??.??"]

1. e4 d6 2. d4 f5 3. Bd3 fxe4 4. Bxe4 Nf6 5. Nc3 Nxe4 6. Nxe4 g6 7. Nf3 Bg7 8.
O-O O-O 9. h3 d5 10. Nc3 Bf5 11. Re1 Nc6 12. Bg5 Qd7 13. Qd2 Bxh3 14. Ne5 Nxe5
15. dxe5 Be6 16. Rad1 Rf5 17. Ne4 dxe4 18. Qxd7 Bxd7 19. Rxd7 Rxg5 20. Rxe4
Rxe5 21. Rxe5 Bxe5 22. Rxe7 {kidza resigns} 0-1

[Event "ICS rated blitz match"]
[Site "204.178.125.65"]
[Date "2000.10.01"]
[Round "?"]
[White "Hossa"]
[Black "brit"]
[Result "1-0"]
[WhiteElo "2501"]
[BlackElo "2076"]
[PlyCount "31"]
[EventDate "2000.??.??"]

1. c4 g6 2. Nf3 Bg7 3. d4 d6 4. Nc3 Nf6 5. e4 O-O 6. Bf4 Nc6 7. d5 Ne5 8. Nxe5
dxe5 9. Bxe5 c6 10. Be2 cxd5 11. cxd5 Qb6 12. Qc2 Ng4 13. Bg3 f5 14. h3 Ne5 15.
f4 Nf7 16. e5 {brit resigns} 1-0

[Event "ICS rated blitz match"]
[Site "204.178.125.65"]
[Date "2000.10.01"]
[Round "?"]
[White "brit"]
[Black "Hossa"]
[Result "0-1"]
[WhiteElo "2073"]
[BlackElo "2504"]
[PlyCount "86"]
[EventDate "2000.??.??"]

1. e4 e5 2. Nf3 Nc6 3. Bb5 a6 4. Ba4 Nf6 5. O-O Be7 6. Re1 b5 7. Bb3 d6 8. c3
O-O 9. h3 Bb7 10. d4 Re8 11. Ng5 Rf8 12. Nf3 Re8 13. Ng5 Rf8 14. Nf3 a5 15.
Nbd2 a4 16. Bc2 exd4 17. cxd4 d5 18. e5 Nd7 19. Nf1 Nb4 20. Bb1 Ra5 21. a3 Nc6
22. Ng3 Re8 23. Qd3 Nf8 24. Bd2 b4 25. Bc2 Ba6 26. Qe3 Bb5 27. Rac1 Ne6 28. Nf5
Bf8 29. Bb1 Ra8 30. axb4 Nxb4 31. Ng5 Nxg5 32. Qxg5 Qxg5 33. Bxg5 Nd3 34. Bxd3
Bxd3 35. Ne3 Bb4 36. Red1 Be2 37. Rxc7 Bxd1 38. Nxd1 f6 39. Bf4 Ba5 40. Rc5 Bb6
41. Rxd5 Rad8 42. Rxd8 Rxd8 43. exf6 Rxd4 {brit resigns} 0-1

[Event "ICS rated blitz match"]
[Site "204.178.125.65"]
[Date "2000.10.01"]
[Round "?"]
[White "Hossa"]
[Black "brit"]
[Result "1-0"]
[WhiteElo "2506"]
[BlackElo "2078"]
[PlyCount "55"]
[EventDate "2000.??.??"]

1. d4 Nf6 2. c4 Nc6 3. Nf3 e6 4. Nc3 Bb4 5. Qc2 O-O 6. a3 Bxc3+ 7. bxc3 d6 8.
e4 e5 9. Bd3 b6 10. h3 Na5 11. dxe5 dxe5 12. Nxe5 Re8 13. f4 Bb7 14. O-O Qe7
15. Be3 Rad8 16. Rfd1 c5 17. a4 Nh5 18. Be2 Ng3 19. Bf3 f6 20. Rxd8 Rxd8 21.
Bf2 fxe5 22. Bxg3 Nxc4 23. Qb3 Qf7 24. fxe5 Re8 25. e6 Qxe6 26. Bg4 Qxe4 27.
Bf3 Qe3+ 28. Bf2 {brit resigns} 1-0

[Event "ICS rated blitz match"]
[Site "204.178.125.65"]
[Date "2000.10.01"]
[Round "?"]
[White "brit"]
[Black "Hossa"]
[Result "0-1"]
[WhiteElo "2075"]
[BlackElo "2509"]
[PlyCount "45"]
[EventDate "2000.??.??"]

1. e4 d6 2. d4 f5 3. Bd3 fxe4 4. Bxe4 Nf6 5. Bd3 e5 6. dxe5 dxe5 7. Bg5 Bb4+ 8.
c3 Bc5 9. Nf3 Nc6 10. O-O Bg4 11. Re1 Qd6 12. b4 O-O-O 13. Be2 Qxd1 14. Bxd1
Bb6 15. Nbd2 h6 16. Bh4 Rd5 17. Bb3 Rd3 18. Bg3 Bxf3 19. Nxf3 e4 20. Ne5 Rxc3
21. Be6+ Kb8 22. b5 Nd4 23. Rac1 {brit resigns} 0-1

[Event "ICS rated standard match"]
[Site "204.178.125.65"]
[Date "2000.10.01"]
[Round "?"]
[White "AnatKarp"]
[Black "Hossa"]
[Result "1/2-1/2"]
[WhiteElo "2350"]
[BlackElo "2387"]
[PlyCount "128"]
[EventDate "2000.??.??"]

1. e4 e5 2. Nf3 Nc6 3. Nc3 Nf6 4. Bb5 Bb4 5. O-O O-O 6. d3 d6 7. Bg5 Bxc3 8.
bxc3 Qe7 9. Re1 Nd8 10. d4 Ne6 11. Bc1 c5 12. a4 Bd7 13. dxe5 dxe5 14. Nxe5
Bxb5 15. axb5 Nc7 16. Nf3 Nxb5 17. e5 Nd7 18. Bg5 Qe6 19. c4 Nc7 20. Qd6 Na6
21. Reb1 Nb6 22. Qxe6 fxe6 23. Be3 h6 24. Rb5 Rac8 25. Nd2 Rf5 26. g4 Rf7 27.
f4 g6 28. h3 h5 29. Ra3 Ra8 30. Rab3 hxg4 31. hxg4 Raf8 32. Ne4 Nxc4 33. Bxc5
Rxf4 34. Bxf8 Rxe4 35. Bd6 Rxg4+ 36. Kh2 b6 37. Rg3 Rxg3 38. Kxg3 Kf7 39. Rb3
Ke8 40. Kf4 Kd7 41. Rd3 Nxd6 42. Rxd6+ Ke7 43. Rc6 Kd7 44. Rc3 Nc5 45. Rg3 Kc6
46. Rxg6 Kd5 47. Rg8 Kc4 48. Rb8 Kc3 49. Ke3 Kxc2 50. Ra8 a5 51. Rb8 Nd7 52.
Rb7 Nxe5 53. Kd4 a4 54. Kxe5 a3 55. Ra7 Kb2 56. Ra6 b5 57. Rb6 a2 58. Rxb5+ Kc2
59. Ra5 Kb2 60. Ra6 Kb1 61. Rb6+ Kc1 62. Ra6 Kb2 63. Kxe6 Kb1 64. Rxa2 Kxa2 {
Game drawn because neither player has mating material} 1/2-1/2

[Event "ICS rated blitz match"]
[Site "204.178.125.65"]
[Date "2000.10.01"]
[Round "?"]
[White "Hossa"]
[Black "KarpovA"]
[Result "1-0"]
[WhiteElo "2511"]
[BlackElo "2052"]
[PlyCount "46"]
[EventDate "2000.??.??"]

1. c4 c5 2. Nf3 d6 3. d4 cxd4 4. Nxd4 Nc6 5. Nc3 a6 6. Nd5 e6 7. Nc3 Nf6 8. e3
Be7 9. Nxc6 bxc6 10. Bd3 d5 11. O-O O-O 12. Bd2 h6 13. cxd5 exd5 14. Qc2 Bb7
15. Na4 a5 16. Nc5 Bc8 17. Rfd1 Qd6 18. b4 axb4 19. Bxb4 Qc7 20. h3 Ne4 21.
Bxe4 dxe4 22. Qxe4 Bxc5 23. Bxc5 Re8 {KarpovA resigns} 1-0

[Event "ICS rated blitz match"]
[Site "204.178.125.65"]
[Date "2000.10.01"]
[Round "?"]
[White "KarpovA"]
[Black "Hossa"]
[Result "0-1"]
[WhiteElo "2050"]
[BlackElo "2513"]
[PlyCount "28"]
[EventDate "2000.??.??"]

1. e4 e5 2. f4 exf4 3. Nf3 g5 4. Bc4 g4 5. O-O gxf3 6. Qxf3 Qf6 7. d3 Bh6 8.
Nc3 Ne7 9. Rb1 Nbc6 10. g3 Ne5 11. Qf2 Nxc4 12. dxc4 d6 13. Bxf4 Bxf4 14. gxf4
Bh3 {KarpovA resigns} 0-1

[Event "ICS rated blitz match"]
[Site "204.178.125.65"]
[Date "2000.10.01"]
[Round "?"]
[White "libertad"]
[Black "Hossa"]
[Result "0-1"]
[WhiteElo "2041"]
[BlackElo "2515"]
[PlyCount "94"]
[EventDate "2000.??.??"]

1. e4 e5 2. Nf3 Nc6 3. Bc4 Bc5 4. c3 Nf6 5. O-O Nxe4 6. d4 exd4 7. cxd4 Be7 8.
Nc3 Nxc3 9. bxc3 O-O 10. Re1 d5 11. Bd3 Re8 12. Ne5 Bd6 13. Qh5 g6 14. Qh6 Nxe5
15. dxe5 Rxe5 16. Rxe5 Bxe5 17. Bg5 Qd6 18. Re1 f6 19. Bxg6 hxg6 20. Qxg6+ Kf8
21. Bh6+ Ke7 22. f4 Qc5+ 23. Kh1 Qxc3 24. Qb1 Bf5 25. Qd1 Bg4 26. Qb1 Rh8 27.
fxe5 Rxh6 28. exf6+ Kxf6 29. Rf1+ Ke5 30. Qxb7 Be2 31. Rg1 a5 32. Qc8 c5 33.
Qc7+ Ke4 34. Qe7+ Kd3 35. Qg5 Rh5 36. Qg3+ Kc4 37. Qf4+ Qd4 38. Rc1+ Kd3 39.
Qg3+ Ke4 40. Re1 Qe3 41. Qg6+ Rf5 42. Qe6+ Re5 43. Qg6+ Kd4 44. Qc2 Qc3 45. Qb1
Bd3 46. Qd1 Rxe1+ 47. Qxe1 Qxe1# {libertad checkmated} 0-1

[Event "ICS rated blitz match"]
[Site "204.178.125.65"]
[Date "2000.10.01"]
[Round "?"]
[White "kako"]
[Black "Hossa"]
[Result "1/2-1/2"]
[WhiteElo "2104"]
[BlackElo "2520"]
[PlyCount "110"]
[EventDate "2000.??.??"]

1. e4 e5 2. Nf3 Nc6 3. Bb5 a6 4. Bxc6 dxc6 5. d3 f6 6. Qe2 Be6 7. Be3 Bd6 8. d4
Bg4 9. Nbd2 exd4 10. Bxd4 Ne7 11. h3 Bh5 12. O-O-O O-O 13. g4 Bf7 14. Kb1 Ng6
15. h4 Qd7 16. Rhg1 Be6 17. g5 c5 18. Bc3 Qa4 19. b3 Qb5 20. Qxb5 axb5 21. gxf6
b4 22. Bb2 c4 23. Nxc4 Bxc4 24. bxc4 Ra5 25. Rd5 Rxd5 26. cxd5 gxf6 27. h5 Kf7
28. hxg6+ hxg6 29. Nh4 Rh8 30. Nxg6 Rg8 31. f4 Rxg6 32. Rxg6 Kxg6 33. e5 fxe5
34. fxe5 Bf8 35. Bd4 Kf5 36. d6 cxd6 37. exd6 Bxd6 38. Kb2 Ke4 39. Bf2 Kf3 40.
Bb6 Be5+ 41. Kb3 Ke2 42. Bc5 Kd1 43. Bxb4 Bf4 44. a4 Be3 45. c4 Ke2 46. c5 Kd3
47. a5 Bd4 48. Ba3 Bc3 49. Ka4 Be1 50. Kb5 Bg3 51. Kb6 Be1 52. Kxb7 Bxa5 53. c6
Kd4 54. Be7 Kd5 55. Bh4 Kc5 {
kako ran out of time and Hossa has no material to mate} 1/2-1/2

[Event "ICS rated blitz match"]
[Site "204.178.125.65"]
[Date "2000.10.01"]
[Round "?"]
[White "Hossa"]
[Black "McDogfood"]
[Result "1-0"]
[WhiteElo "2507"]
[BlackElo "2006"]
[PlyCount "67"]
[EventDate "2000.??.??"]

1. e4 c5 2. Nf3 Nc6 3. d4 cxd4 4. Nxd4 Nf6 5. Nc3 e5 6. Ndb5 d6 7. Bg5 a6 8.
Na3 b5 9. Bxf6 gxf6 10. Nd5 f5 11. Bd3 Be6 12. O-O Bg7 13. Qh5 f4 14. c4 bxc4
15. Bxc4 O-O 16. Rac1 a5 17. Nxf4 exf4 18. Bxe6 Nd4 19. Bc4 f3 20. Nc2 fxg2 21.
Kxg2 Nxc2 22. Rxc2 Qe7 23. Bd5 Rac8 24. Rfc1 Rxc2 25. Rxc2 Be5 26. Qg4+ Kh8 27.
b3 Qd8 28. Bxf7 Qf6 29. Be6 Qh6 30. h3 Qf6 31. Kf1 Bd4 32. Bf5 Rg8 33. Qh5 Bc5
34. Qxh7# {McDogfood checkmated} 1-0

[Event "ICS rated standard match"]
[Site "204.178.125.65"]
[Date "2000.10.01"]
[Round "?"]
[White "Hossa"]
[Black "bkrogers"]
[Result "1-0"]
[WhiteElo "2385"]
[BlackElo "2126"]
[PlyCount "81"]
[EventDate "2000.??.??"]

1. d4 Nf6 2. c4 c5 3. d5 e6 4. Nc3 exd5 5. cxd5 d6 6. e4 g6 7. f4 Bg7 8. Bb5+
Nfd7 9. a4 O-O 10. Nf3 a6 11. Bd3 Re8 12. O-O Qc7 13. Qb3 b6 14. Bd2 Nf8 15.
Rf2 Bg4 16. Be3 Nbd7 17. h3 Bxf3 18. Rxf3 h5 19. Re1 Nh7 20. Bf2 Rec8 21. Bc4
Rf8 22. Qd1 Qb7 23. Rd3 Rae8 24. Qe2 Re7 25. Rf3 a5 26. Nb5 Qb8 27. Qd2 Rfe8
28. e5 dxe5 29. d6 Re6 30. Nc7 exf4 31. Nxe6 fxe6 32. Bxe6+ Kh8 33. Bxd7 Rxe1+
34. Bxe1 Bd4+ 35. Bf2 Qxd6 36. Bxd4+ cxd4 37. Bb5 Ng5 38. Rxf4 Ne6 39. Rf6 Kg7
40. Qg5 Nxg5 41. Rxd6 {bkrogers resigns} 1-0

[Event "ICS rated standard match"]
[Site "204.178.125.65"]
[Date "2000.10.01"]
[Round "?"]
[White "bkrogers"]
[Black "Hossa"]
[Result "0-1"]
[WhiteElo "2120"]
[BlackElo "2391"]
[PlyCount "56"]
[EventDate "2000.??.??"]

1. d4 d5 2. Nf3 Nf6 3. g3 e6 4. Bg2 c5 5. e3 Be7 6. O-O O-O 7. b3 Nc6 8. dxc5
Bxc5 9. Bb2 Re8 10. Qe2 e5 11. Rd1 e4 12. Nd4 Bg4 13. f3 exf3 14. Bxf3 Qd7 15.
Na3 Nxd4 16. Rxd4 Bxd4 17. Bxd4 Bxf3 18. Qxf3 Ne4 19. c4 dxc4 20. Nxc4 Ng5 21.
Qg2 b5 22. Ne5 Qh3 23. Qf2 Rac8 24. Rf1 Re7 25. Kh1 Ne4 26. Qf3 Rc2 27. Ng4 h5
28. Nf2 Qxf1# {bkrogers checkmated} 0-1